000 00875nam a2200277 i 4500
001 134049
003 ES-MaACL
005 20250812225910.0
007 t|
008 070905s1977 sp ||||1| spa d
100 1 _aWard, Ritchie R.
_9116084
245 1 4 _aLos relojes vivientes /
_cRitchie R. Ward ; [traducido por Horacio González Trejo y Elsa Mateo].
250 _a1ª ed.
260 _aBarcelona :
_bGrijalbo,
_c1977.
300 _a368 p. :
_bil. ;
_c21 cm.
490 1 _aBiología y psicología de hoy ;
_v2
500 _aÍndice.
504 _aReferencias bibliográficas.
650 7 _aAnimales
_2embne
_9135562
650 4 _aBiorritmos.
_9147123
700 1 _aGonzález Trejo, Horacio.
_958988
700 1 _aMateo, Elsa.
_978941
830 1 _aBiología y psicología de hoy ;
_v2
_9184637
852 _aES-MaACL
_jA-7605
999 _c134049
_d134049